1546 1960 1873 1083 1090 1991 1093 1866 1358 1640 1049 1405 1172 1836 1083 1608 1978 1955 1664 1190 1468 1754 1551 1263 1343 1981 1041 1112 1007 1341 1059 1720 1517 1888 1714 1935 1258 1744 1308 1719 1910 1043 1084 1165 1102 1182 1456 1199 1577 1153 1165 1471 1777 1232 1222 1736 1650 1083 1934 1826 1755 1198 1911 1184 1485 1777 1426 1074 1464 1287 1257 1818 1801 1642 1148 1771 1476 1114 1367 1874 1637 1503 1898 1265 1884 1047 1576 1048 1765 1111 1158 1817 1852 1020 1229 1071 1544 1930 1152 BCNSPRNW ULIB Ver.6.0+V

เปลี่ยนเป็นภาษาไทย

Change to English
 แสดงรายละเอียดบรรณานุกรม
  กลับหน้าหลัก

Brief Record : Get Marc (ISO 2709) : E-mail record : QR code < ปิดหน้าต่าง
LEADER : 00000nam 2200000uu 4500
001    13399128768
003     ULIB
008    240904s2562||||th 000 0 tha d
020    ^a9789742557874
060  0 ^aWA292^bร465ก
100 0  ^aรำแพน พรเทพเกษมสันต์
245 00 ^aการปฐมพยาบาล/^cรำแพน พรเทพเกษมสันต์
246 00 ^aFirst aids
250    ^aพิมพ์ครั้งที่ 3
260    ^aกรุงเทพฯ:^bศิลปาบรรณาคาร,^c2562
300    ^a236 หน้า
650  0 ^aการปฐมพยาบาล
856    ^a^zสารบัญ^uhttps://drive.google.com/file/d/1NSMugDbq6ukMDV_l9w-CRprHxgeWmSR-/view?usp=sharing
945    ^p280^l0^i30224
945    ^p280^l0^i30225
945    ^p280^l0^i30226
999    ^aกัณชพร จุลอักษร
รายการนี้ยังไม่มีแท็ก
คุณยังไม่ได้ล็อกอิน คุณสามารถมีกิจกรรมร่วมกับเว็บไซต์ได้ แต่ต้องล็อกอินก่อน ::
  ล็อกอิน

รายการสื่อสารสนเทศ

ลำดับที่ ประเภท เลขเรียก/บาร์โค้ด สถานที่ สถานะ
1. หนังสือสำรอง
หนังสือสำรอง
WA292 ร465ก ฉ.1 
  Barcode: 30224
ห้องสมุดวิทยาเขตนครสวรรค์
►หนังสือทั่วไป:l:General Books
บนชั้น
2. วิทยาศาสตร์การแพทย์ และสุขภาพ
วิทยาศาสตร์การแพทย์ และสุขภาพ
WA292 ร465ก ฉ.2 
  Barcode: 30225
ห้องสมุดวิทยาเขตนครสวรรค์
►หนังสือทั่วไป:l:General Books
บนชั้น
3. วิทยาศาสตร์การแพทย์ และสุขภาพ
วิทยาศาสตร์การแพทย์ และสุขภาพ
WA292 ร465ก ฉ.3 
  Barcode: 30226
ห้องสมุดวิทยาเขตนครสวรรค์
►หนังสือทั่วไป:l:General Books
บนชั้น

รายการใกล้เคียง
    ผู้แต่ง [รำแพน พรเทพเกษมสันต์]

    หัวเรื่อง [การปฐมพยาบาล]

BibComment


ยังไม่เคยถูกคอมเมนท์

คอมเมนท์ทรัพยากรรายการนี้
  คอมเมนท์: การปฐมพยาบาล รำแ..


 Copyright 2026. Bcnsprnw @Library